Cities of North Carolina - Sudden Death - Statistics

General Stats
  • This quiz has been taken 17 times
  • The average score is 12 of 15
Answers on the Grid
Answers color-coded by a green-red scale on the quiz's grid according to % correct below.
Fayetteville
Augusta
Birmingham
Durham
Charleston
Asheville
Hickory
Winston-Salem
Jackson
Charlotte
Columbia
Greenville
Raleigh
Lafayette
Tyler
Gainesville
High Point
Scranton
Wilmington
Cary
Clarksville
Rocky Mount
Springfield
Alexandria
New Bern
Savannah
Stockton
Arlington
Goldsboro
Morehead City
 
Answer Stats
Answer % Correct
Fayetteville
100%
Winston-Salem
94%
Asheville
88%
Cary
88%
Charlotte
88%
Durham
88%
High Point
88%
Raleigh
88%
Wilmington
88%
Greenville
75%
Hickory
75%
New Bern
75%
Rocky Mount
75%
Morehead City
63%
Goldsboro
56%
No matching quizzes found
Score Distribution
Percent of People with Each Score
Percentile by Number Answered
Your Score History
You have not taken this quiz